Модификация нефтеполимерных смол полученых на основе фракций жидких продуктов пиролиза; Химия и химическая технология в XXI веке; Т. 2
| Parent link: | Химия и химическая технология в XXI веке: материалы XII Всероссийской научно-практической конференции студентов и молодых ученых с международным участием, Томск, 11-13 мая 2011 г./ Национальный исследовательский Томский политехнический университет (ТПУ), Институт природных ресурсов (ИПР).— , 2011 Т. 2.— 2011.— [С. 151-152] |
|---|---|
| Autor Principal: | |
| Outros autores: | |
| Summary: | Заглавие с титульного листа Электронная версия печатной публикации |
| Idioma: | ruso |
| Publicado: |
2011
|
| Series: | Секция 6. Охрана окружающей среды и экология Homo Sapiens |
| Subjects: | |
| Acceso en liña: | http://www.lib.tpu.ru/fulltext/v/Conferences/2011/C6/C6a76.pdf |
| Formato: | Electrónico Capítulo de libro |
| KOHA link: | https://koha.lib.tpu.ru/cgi-bin/koha/opac-detail.pl?biblionumber=216247 |
MARC
| LEADER | 00000naa2a2200000 4500 | ||
|---|---|---|---|
| 001 | 216247 | ||
| 005 | 20260120150303.0 | ||
| 035 | |a (RuTPU)RU\TPU\book\236214 | ||
| 035 | |a RU\TPU\book\236205 | ||
| 090 | |a 216247 | ||
| 100 | |a 20120522d2011 k y0rusy50 ca | ||
| 101 | 0 | |a rus | |
| 102 | |a RU | ||
| 135 | |a drnn ---uucaa | ||
| 181 | 0 | |a i | |
| 182 | 0 | |a b | |
| 200 | 1 | |a Модификация нефтеполимерных смол полученых на основе фракций жидких продуктов пиролиза |f Л. С. Богданова |g науч. рук. В. Г. Бондалетов | |
| 203 | |a Текст |c электронный | ||
| 215 | |a 1 файл (528 Кб) | ||
| 225 | 1 | |a Секция 6. Охрана окружающей среды и экология Homo Sapiens | |
| 300 | |a Заглавие с титульного листа | ||
| 300 | |a Электронная версия печатной публикации | ||
| 320 | |a [Библиогр.: с. 152 (5 назв.)] | ||
| 337 | |a Adobe Reader | ||
| 461 | 1 | |0 (RuTPU)RU\TPU\book\218704 |t Химия и химическая технология в XXI веке |o материалы XII Всероссийской научно-практической конференции студентов и молодых ученых с международным участием, Томск, 11-13 мая 2011 г. |o в 2 т. |f Национальный исследовательский Томский политехнический университет (ТПУ), Институт природных ресурсов (ИПР) |d 2011 | |
| 463 | 1 | |0 (RuTPU)RU\TPU\book\218881 |t Т. 2 |v [С. 151-152] |d 2011 | |
| 610 | 1 | |a нефтеполимерные смолы | |
| 610 | 1 | |a модификация | |
| 610 | 1 | |a фракции | |
| 610 | 1 | |a озон | |
| 610 | 1 | |a взаимодействие | |
| 610 | 1 | |a закономерности | |
| 610 | 1 | |a изучение | |
| 610 | 1 | |a этаноламины | |
| 610 | 1 | |a жидкие продукты пиролиза | |
| 610 | 1 | |a труды учёных ТПУ | |
| 610 | 1 | |a электронный ресурс | |
| 700 | 1 | |a Богданова |b Л. С. | |
| 702 | 1 | |a Бондалетов |b В. Г. |c химик-технолог |c профессор Томского политехнического университета, доктор химических наук |f 1957- |g Владимир Григорьевич |4 727 | |
| 801 | 1 | |a RU |b 63413507 |c 20120118 | |
| 801 | 2 | |a RU |b 63413507 |c 20160614 |g RCR | |
| 856 | 4 | |u http://www.lib.tpu.ru/fulltext/v/Conferences/2011/C6/C6a76.pdf | |
| 942 | |c CF | ||